00463nam a2200181 a 4500001001300000003000900013005001700022008004100039020002300080082001900103100001700122245003400139260003700173300000900210500003500219505001000254650001700264nice12345678IN_TiNIC20260116014145.0050524s2004 dela grp 000 0 eng  a8170996 c49500a307.70954bMIB aMibang, Tamo aUnderstanding Tribal Religion aDelhibMittal Publication c2004 a247p aincludes index and biblioraphy2 aIndex aIndia-Tribes